My Hero Academia - élèves de la seconde B - Statistiques

Statistiques générales
  • Ce quiz a été pris 21 fois
  • Le résultat moyen est 14 sur 20
Statistiques - réponses
Alter Nom de héros / héroïne Prénom et nom % Correct
Acier Real Steel Tetsutetsu Tetsutetsu
100%
Ronces Vine Ibara Shiozaki
82%
Copie Phantom Thief Neito Monoma
82%
Giant Fists Battle fist Itsuka Kendo
76%
Comics Comic man Manga Fukidashi
76%
Cornes Canon ? Pony Tsunotori
76%
Ramollissement Mudman Juzo Honenuki
71%
Double Impact Mines Nirengeki Shoda
71%
Division Lyzardy Setsuna Tokage
71%
Minimax Rule Yui Kodai
71%
Ecailles Dragon Armor Hiryu Rin
65%
Beast Gevaudan Jurota Shishida
65%
Champignon Magirolle Kinoko Komori
65%
Solidification de l'air ? Kosei Tsuburaba
65%
Poltergeist Emily Reiko Yanagi
65%
Tourbillon Spiral Sen Kaibara
65%
Black Vantablack Shihai Kuroiro
65%
Fusion Welder Yosetsu Awase
65%
Super Glue Maquette Kojiro Bondo
59%
Rasoir Jack Mantis Togaru Kamakiri
59%
Aucun quiz correspondant
Distribution des résultats
% des personnes avec chaque résultat
Percentile par nombre de réponses
Votre historique - résultats
Vous n’avez pas pris ce quiz